000 004920000a22001810004500
003 MACL
005 20160211121256.0
008 160211b xxu||||| |||| 00| 0 eng d
040 _aMACL
_cMACL
041 _aHindi
082 _a100
100 _aमधुकर
_919773
245 _aभारतीय विचारघारा
260 _bभारतीय ज्ञानपीठ
_c1951
_aकाशी
350 _a2
650 _aPhilisophy
_937806
942 _cHIN
_k100
_2ddc
999 _c23800
_d23800